Green Infrastructure Partnership (Record no. 121044)

MARC details
000 -LEADER
fixed length control field 00873cai a22001935a 4500
001 - CONTROL NUMBER
control field L158945
008 - FIXED-LENGTH DATA ELEMENTS--GENERAL INFORMATION
fixed length control field 151021u2015 xxk g 000 0 eng d
035 ## - SYSTEM CONTROL NUMBER
System control number (Sirsi) u158945
041 0# - LANGUAGE CODE
Language code of text/sound track or separate title eng
110 2# - MAIN ENTRY--CORPORATE NAME
Corporate name or jurisdiction name as entry element Town and Country Planning Association
9 (RLIN) 3022
245 00 - TITLE STATEMENT
Title Green Infrastructure Partnership
520 ## - SUMMARY, ETC.
Summary, etc. Website of the Green Infrastructure Partnership (GIP) which is a network of more than 700 people and organisations that support the creation, enchancement and promotion of green infrastructure in the UK. The GIP was launched by DEFRA in October 2011 and in 2014 was taken over by the Town and Country Planning Association.
590 ## - LOCAL NOTE (RLIN)
Local note KA
651 #4 - SUBJECT ADDED ENTRY--GEOGRAPHIC NAME
Geographic name England and Wales
Chronological subdivision 1543-
690 ## - LOCAL SUBJECT ADDED ENTRY--TOPICAL TERM (OCLC, RLIN)
Topical term or geographic name as entry element Infrastructure
9 (RLIN) 6246
690 ## - LOCAL SUBJECT ADDED ENTRY--TOPICAL TERM (OCLC, RLIN)
Topical term or geographic name as entry element Sustainability
9 (RLIN) 6271
856 40 - ELECTRONIC LOCATION AND ACCESS
Uniform Resource Identifier <a href="https://www.gip-uk.org/">https://www.gip-uk.org/</a>
Public note View the website free of charge at www.gip-uk.org
942 ## - ADDED ENTRY ELEMENTS (KOHA)
Suppress in OPAC 0
Holdings
Withdrawn status Lost status Source of classification or shelving scheme Damaged status Not for loan Home library Current library Shelving location Date acquired Total Checkouts Full call number Barcode Date last seen Copy number Price effective from Koha item type
    Dewey Decimal Classification     London London Online 21/10/2015   WEBSITE 158945-1001 06/08/2019 1 06/08/2019 Online material